Govt. of
Madhya Pradesh

NTA UGC NET SET JRF GENERAL PAPER 1 TEACHING AND RESEARCH APTITUDE (Record no. 67133)

MARC details
000 -LEADER
fixed length control field 00425nam a22001577a 4500
003 - CONTROL NUMBER IDENTIFIER
control field MACL
005 - DATE AND TIME OF LATEST TRANSACTION
control field 20241019133653.0
008 - FIXED-LENGTH DATA ELEMENTS--GENERAL INFORMATION
fixed length control field 241019b |||||||| |||| 00| 0 eng d
040 ## - CATALOGING SOURCE
Transcribing agency MACL
082 ## - DEWEY DECIMAL CLASSIFICATION NUMBER
Classification number 370
Item number Education
100 ## - MAIN ENTRY--PERSONAL NAME
Personal name Karwa, Dr. Arpita
9 (RLIN) 82562
245 ## - TITLE STATEMENT
Title NTA UGC NET SET JRF GENERAL PAPER 1 TEACHING AND RESEARCH APTITUDE
260 ## - PUBLICATION, DISTRIBUTION, ETC. (IMPRINT)
Name of publisher, distributor, etc. MC Graw Hill
Date of publication, distribution, etc. 2024
Place of publication, distribution, etc. chennai
650 ## - SUBJECT ADDED ENTRY--TOPICAL TERM
Topical term or geographic name as entry element EDUCATION
942 ## - ADDED ENTRY ELEMENTS (KOHA)
Source of classification or shelving scheme
Koha item type Books
Holdings
Withdrawn status Lost status Source of classification or shelving scheme Damaged status Not for loan Home library Current library Date acquired Cost, normal purchase price Total Checkouts Full call number Barcode Checked out Date last seen Date last checked out Price effective from Koha item type
          MACL MACL 19/10/2024 895.00 11 370 Education DPI002354 24/04/2026 08/04/2026 08/04/2026 19/10/2024 Books
          MACL MACL 19/10/2024 895.00 4 370 Education DPI002355   03/01/2026 20/12/2025 19/10/2024 Books